01481nam a2200385uu 450000100070000000500170000700700100002400800410003403500110007504000130008604100080009908000070010710000300011424500620014426000430020630000130024952003500026265000220061265000310063465000360066565000250070165000320072670000300075870000310078870000320081970000290085170000320088070000280091270000280094070000320096870000420100070000330104250200120107552600080108797843220260507072940.0co|||||||060608s2003 spa  a978432 ccomduadb aspa aPB10aAlvarez, Astrid4auteaut13aEl espacio geográfico complejo en las ciencias sociales aMedellín :b[sin publicador],c2003. a1 CD-ROM3 aPropone hacer desde la lectura del espacio geográfico en su complejidad un ejercicio de investigación en el aula que implica entender que la enseñanza de la geografía enfrenta variados problemas motivados en aspectos como las políticas educativas, la articulación de los proyectos pedagógicos y el proyecto educativo institucional. aCambio conceptual 7aEducación primaria2lemb 7aEnseñanza de la geografía2 aEspacio geográfico aLicenciatura en Educación10aCeballos, Clara4auteaut10aCalderon, Sandra4auteaut10aEcheverri, Carmen4auteaut10aHenao, Marcela4auteaut10aMuñoz, Catalina4auteaut10aOchoa, Monica4auteaut10aSerna, Andres4auteaut10aTabares, Mauricio4auteaut10aZapata Uribe, Juan Fernando4thseths10aDiaz, Hernan Dario4thseths b144c15 a146